00378nam a2200145Ia 4500003000400000005001700004008004100021040000900062082002000071100001600091245005200107260004500159300000900204650001900213OSt20201022112427.0190216s9999||||xx |||||||||||||| ||und|| coclc a821.9108bBLA/N aBlack, E L 0aNine Modern Poets : bAn Anthology /cE L Black bMacmillan India Ltd ,c1974.aHong Kong: a230p aEnglish Poetry